Vista normal
Vista MARC
Entrada Materia (personas)
Número de registros utilizados en: 1
001 - CONTROL NUMBER
- control field: 63078
003 - CONTROL NUMBER IDENTIFIER
- control field: Co-BoUCM
005 - DATE AND TIME OF LATEST TRANSACTION
- control field: 20140716104546.0
008 - FIXED-LENGTH DATA ELEMENTS
- fixed length control field: 140716|| aca||aabn | a|a d
040 ## - CATALOGING SOURCE
- Original cataloging agency: Co-BoUCM
- Transcribing agency: Co-BoUCM
100 ## - HEADING--PERSONAL NAME
- Personal name: Lancelotz, Hendrik,
- Dates associated with a name: 1576-1643
670 ## - SOURCE DATA FOUND
- Source citation: Work cat.: (Co-BoUCM)71777: Lancelotz, Hendrik, 1576-1643, Haereticum quare per catholicum in omni pene materia religion. clare solutum ABCDARIUM Luthero-Calvinisticum in quo alphabetico ordine novatorum errores redarguuntur., 1617